Normal view
MARC view
- Genta, G .
Entry Personal Name
001 - CONTROL NUMBER
- control field: 1545
003 - CONTROL NUMBER IDENTIFIER
- control field: OSt
005 - DATE AND TIME OF LATEST TRANSACTION
- control field: 20160926125123.0
008 - FIXED-LENGTH DATA ELEMENTS
- fixed length control field: 160926|| aca||aabn | a|a d
040 ## - CATALOGING SOURCE
- Original cataloging agency: OSt
- Transcribing agency: OSt
100 ## - HEADING--PERSONAL NAME
- Personal name: Genta, G .
670 ## - SOURCE DATA FOUND
- Source citation: Work cat.: (OSt)7593: Genta, G ., Kinetic Energy Storag: Theory and Practice of Advanced Flywheel System / , 1985.
